La vie de Saddam Hussein - Statistiques

Statistiques générales
  • Ce quiz a été pris 158 fois
  • Le résultat moyen est 8 sur 15
Statistiques - réponses
Indice Réponse % Correct
Pays contre lequel l'Irak a mené une guerre de 1980 à 1988 Iran
96%
Guerre dans laquelle une coalition dirigée par les États-Unis a libéré le pays ci-dessus Guerre du {Golfe}
95%
Pays envahi par l'Irak en 1990 Koweït
92%
Président des États-Unis lors de l'invasion de l'Irak en 2003 George W. Bush
91%
Méthode d'exécution utilisée contre Saddam Hussein en 2006 Pendaison
76%
Pourcentage de voix que Saddam aurait remporté lors des référendums de 1995 et 2002 100%
72%
Groupe ethnique ciblé par Saddam lors du génocide d'Anfal à la fin des années 1980 Kurdes
71%
Type d'armes utilisé contre ces derniers Chimique
61%
Parti politique dirigé par Saddam Hussein Parti {Baas} irakien
50%
Type de catastrophe écologique provoquée délibérément par les troupes en fuite dans cette guerre Incendies de pétrole
34%
Ville natale de Saddam T{ikrit}
23%
En 1980, Saddam Hussein reçoit la clé de cette grande ville américaine, connue pour sa forte population irakienne Détroit
20%
Nom d'un des deux fils de Hussein Oudaï | Qoussaï
17%
Accords signés en 1975 qui étaient censés mettre fin aux différents territoriaux avec le pays ci-dessus Accords d'{Alger}
11%
Saddam Hussein participe à la tentative d'assassinat raté contre ce Premier Ministre en 1959 Karim Kassem
6%
Aucun quiz correspondant
Distribution des résultats
% des personnes avec chaque résultat
Percentile par nombre de réponses
Votre historique - résultats
Vous n’avez pas pris ce quiz